01009 2200277 4500001002100000005001500021035002000036007000300056008004100059020002200100082001000122084001900132100001900151245012400170250002600294300003700320650001200357700002200369700003400391520018100425264003500606336002100641337003000662338002300692990001600715INLIS00000000116313720230327010524 a0010-0323000023ta230327 g 0 ind  a978-602-51698-7-8 a641.5 aSR 641.5 MAR m0 aMarliana Laila1 aMakanan asli kampung halaman :b25 resep makanan khas nusantara /cMarliana Laila; penyunting, Arini, Tika Yuitaningrum aCetakan Pertama, 2018 a56 halaman :bilustrasi ;c25 cm 4aMasakan0 aAriniepenyunting0 aTika Yuitaningrumepenyunting aBuku ini menyajikan 25 resep masakan dari berbagai provinsi di Indonesia serta dilengkapi dengan foto step by stepyang mudah dipraktikkan dan disajikan untuk keluarga tercinta. aYogyakarta :bAjarmasak,c2018 2rdacontentateks 2rdamediaatanpa perantara 2rdacarrieravolume a51838.64658